Examining of determinants of non-performing loans

Skúmanie determinantov nesplácaných pôžičiek v 25 krajinách v rokoch 2000-2011. Použitie empirickej analýzy a náčrt relevantných ekonometrických modelov.

Salvato in:
Dettagli Bibliografici
Autore principale: Radivojevic, Nikola
Altri autori: Jovovic, Jelena
Natura: Capitolo di libro
Lingua:inglese
Soggetti:
Tags: Aggiungi Tag
Nessun Tag, puoi essere il primo ad aggiungerne!!

MARC

LEADER 00000naa a2200000 4500
001 0234362
005 20220805080019.1
041 0 |a eng 
044 |a CZ 
245 1 0 |a Examining of determinants of non-performing loans  |c Nikola Radivojevic, Jelena Jovovic 
520 |a Skúmanie determinantov nesplácaných pôžičiek v 25 krajinách v rokoch 2000-2011. Použitie empirickej analýzy a náčrt relevantných ekonometrických modelov. 
610 2 0 |a úver 
610 2 0 |a kríza hospodárska 
610 2 0 |a analýza empirická 
610 2 0 |a modely ekonometrické 
610 2 0 |a ukazovatele makroekonomické 
100 1 |a Radivojevic, Nikola 
700 1 |a Jovovic, Jelena